000 00355nam a2200133Ia 4500
005 20260326100034.0
008 260326s9999||||xx |||||||||||||| ||und||
100 _aContreras y López de Ayala, Juan de
245 0 _aEl Arte Gótico en España /
_cJuan de Contreras y López de Ayala
260 _bLabor
300 _a190 p.
650 _aARTE
942 _cBK
999 _c6745
_d6745